000 00566nam a22001577a 4500
005 20251108165028.0
008 250721s1991 xx 000 0 ara d
082 1 4 _a543/نجا
100 1 _aصالح، نجاة جمعه
245 1 0 _aالمبادئ الأساسية في الكيمياء التحليلية /
264 1 _aبغداد :
_bوزارة التعليم العالي و البحث العلمي - الجامعة التكنولوجية،
_c1991.
300 _a780ص
650 1 7 _aالكيمياء التحليلية
942 _2ddc
_cBK
999 _c20342
_d20342